[Event "IBCA-ol blind 13th"]
[Site "Heraklion"]
[Date "2008.10.26"]
[Round "7.1"]
[White "Kapnakis, Mihail"]
[Black "Beelaert, Benoit"]
[Result "0-1"]
[WhiteElo "1400"]
[BlackElo "1867"]
[PlyCount "70"]
[EventDate "2008.10.19"]
[EventType "team-swiss"]
[EventRounds "9"]
[EventCountry "GRE"]
[SourceTitle "EXT 2010"]
[Source "ChessBase"]
[SourceDate "2010.11.25"]
[SourceVersion "1"]
[SourceVersionDate "2010.11.25"]
[SourceQuality "1"]
[WhiteTeam "Greece (blind) III"]
[BlackTeam "Belgium (blind)"]
[WhiteTeamCountry "GRE"]
[BlackTeamCountry "BEL"]

1. e4 c6 2. d4 d5 3. e5 Bf5 4. Bd3 Bxd3 5. Qxd3 e6 6. Nf3 Qa5+ 7. Bd2 Qa6 8. Qxa6 Nxa6 9. 0-0 Ne7 10. a3 h5 11. Bf4 Nf5 12. Nc3 c5 13. Rad1 Rc8 14. h3 Be7 15. Nb5 Nc7 16. Nxc7+ Rxc7 17. c3 0-0 18. Bg5 Bxg5 19. Nxg5 cxd4 20. cxd4 Rc2 21. b4 Rfc8 22. Nf3 R8c4 23. g4 hxg4 24. hxg4 Nh6 25. Nh2 R2c3 26. f3 Rxa3 27. Ra1 Rxa1 28. Rxa1 a6 29. Rb1 Rxd4 30. b5 a5 31. Rc1 Rc4 32. Rxc4 dxc4 33. Kf1 f6 34. f4 a4 35. Ke2 a3 0-1